Biotechnologies of Crop Improvement : transgenic approaches / (Record no. 50048)

MARC details
000 -LEADER
fixed length control field 00670nam a22002057a 4500
003 - CONTROL NUMBER IDENTIFIER
control field OSt
008 - FIXED-LENGTH DATA ELEMENTS--GENERAL INFORMATION
fixed length control field 260409b |||||||| |||| 00| 0 eng d
020 ## - INTERNATIONAL STANDARD BOOK NUMBER
International Standard Book Number 9783319906492
082 ## - DEWEY DECIMAL CLASSIFICATION NUMBER
Classification number 631.523
Item number G67B
245 ## - TITLE STATEMENT
Title Biotechnologies of Crop Improvement : transgenic approaches /
Statement of responsibility, etc. edited by Satbir Singh Gosal and Shabir Hussain Wani; Volume 2
260 ## - PUBLICATION, DISTRIBUTION, ETC. (IMPRINT)
Place of publication, distribution, etc .- Switzerland
Name of publisher, distributor, etc : Springer
Date of publication, distribution, etc , 2018
300 ## - PHYSICAL DESCRIPTION
Extent xx,485p.
650 ## - SUBJECT ADDED ENTRY--TOPICAL TERM
Topical term or geographic name as entry element Technology (Applied Sciences)
650 ## - SUBJECT ADDED ENTRY--TOPICAL TERM
Topical term or geographic name as entry element Agriculture and Related Technologies
650 ## - SUBJECT ADDED ENTRY--TOPICAL TERM
Topical term or geographic name as entry element Crop Improvement
650 ## - SUBJECT ADDED ENTRY--TOPICAL TERM
Topical term or geographic name as entry element Plant Biotechnology
700 ## - ADDED ENTRY--PERSONAL NAME
Personal name Gosal, Satbir Singh.
700 ## - ADDED ENTRY--PERSONAL NAME
Personal name Wani, Shabir Hussain.
942 ## - ADDED ENTRY ELEMENTS (KOHA)
Source of classification or shelving scheme
Koha item type Books
Holdings
Withdrawn status Lost status Source of classification or shelving scheme Damaged status Not for loan Home library Current library Date acquired Source of acquisition Cost, normal purchase price Total Checkouts Full call number Barcode Date last seen Bill Date Koha item type Bill Number
          Dr. Rajendra Prasad Central Agricultural University Pusa, Dr. Rajendra Prasad Central Agricultural University Pusa, 09/04/2026 IBPS, Delhi 21934.00   631.523 G67B 87044 09/04/2026 28/01/2026 Books IBPS/021/2025-26
Hosted, Implemented, Customized & Maintained by: BestBookBuddies

Powered by Koha